00308nam a2200109Ia 4500008004100000082000800041100001200049245002100061942000600082952009500088999001500183240331s9999 xx 000 0 und d bInd aIndran, 0aTamizh azhagiyal cL 001040708LaWERCLbWERCLcSSCd2024-03-31l0o 704 Indp3221r2024-03-31w2024-03-31yL c3687d3687